| 000 | 00000nam##2200000za#4500 |
| 001 | 9.602024 |
| 003 | CaOODSP |
| 005 | 20210624210347 |
| 007 | cr ||||||||||| |
| 008 | 150406|2002||||xxc|||||o f|0| 0 fre|d |
| 040 | |aCaOODSP|bfre |
| 043 | |an-cn--- |
| 086 | 1 |aCW69-16/2-2002F-PDF |
| 110 | 2 |aService canadien de la faune. |
| 245 | 10|aPropositions de modification du Règlement sur les oiseaux migrateurs du Canada, Décembre 2001 / |h[ressource électronique]|ca été édité par Stephen Bonser et Hélène Lévesque. |
| 260 | |aGatineau - Québec : |bEnvironnement Canada. |cDécembre 2001. |
| 300 | |a55p.|bcartes, références, tableaux |
| 490 | 1 |aRapport du SCF sur la réglementation concernant les oiseaux migrateurs|vN° 5 |
| 500 | |aLe nº de catalogue (CW69-16/2-2002F), l'ISBN (0-662-31478-6), et l'ISSN (1497-0139) de l'édition imprimée ont été incorrectement copiés dans cette édition électronique. |
| 590 | |a12-04-Supp|b2012-02-20 |
| 775 | 08|tProposals to amend the Canadian Migratory Birds Regulations, December 2001 / |w(CaOODSP)9.571413 |
| 776 | 0#|tPropositions de modification du Règlement sur les oiseaux migrateurs du Canada / |w(CaOODSP)9.625858 |
| 830 | #0|aRapport du SCF sur la réglementation concernant les oiseaux migrateurs ;|vN° 5|w(CaOODSP)9.501537 |
| 856 | 40|ahttp://publications.gc.ca|qPDF|s1.39 Mo|uhttps://publications.gc.ca/collections/Collection/CW69-16-2-2002F.pdf|yN° 5 |